000 00476cam a2200181ua 4500
001 11885
008 191115n ii |||gr||||Z||||||eng
020 _a9789382126539
040 _cMAIN
082 _a158.3
100 _aS.M.Upadhyay,
_eAuthor.
245 _aCounselling methods and techniques
_cBy S.M.Upadhyay
260 _aNew Delhi:
_bAstha publishers & distributors,
_c2014.
300 _a216p.
653 _aApplied psychology
653 _aCounselling
942 _cBK
999 _c10675
_d10675